Essentials of programming languages (Record no. 1204)
[ view plain ]
| 000 -LEADER | |
|---|---|
| fixed length control field | 00458nam a2200169Ia 4500 |
| 008 - FIXED-LENGTH DATA ELEMENTS--GENERAL INFORMATION | |
| fixed length control field | 130318s9999 xx 000 0 und d |
| 020 ## - INTERNATIONAL STANDARD BOOK NUMBER | |
| International Standard Book Number | 8120324668 |
| 082 ## - DEWEY DECIMAL CLASSIFICATION NUMBER | |
| Classification number | 005.13 FRI/E |
| 100 ## - MAIN ENTRY--PERSONAL NAME | |
| Personal name | Friedman, Daniel P |
| 245 ## - TITLE STATEMENT | |
| Title | Essentials of programming languages |
| 250 ## - EDITION STATEMENT | |
| Edition statement | 2 |
| 260 ## - PUBLICATION, DISTRIBUTION, ETC. | |
| Name of publisher, distributor, etc. | Prentice-Hall of India Pvt.Ltd |
| Place of publication, distribution, etc. | New Delhi |
| Date of publication, distribution, etc. | 2005 |
| 300 ## - PHYSICAL DESCRIPTION | |
| Extent | 389 |
| 650 ## - SUBJECT ADDED ENTRY--TOPICAL TERM | |
| Topical term or geographic name entry element | PROGRAMMING LANGUAGES |
| 700 ## - ADDED ENTRY--PERSONAL NAME | |
| Personal name | Haynes, Christopher T |
| 700 ## - ADDED ENTRY--PERSONAL NAME | |
| Personal name | Wand, Mitchell |
| Withdrawn status | Lost status | Source of classification or shelving scheme | Damaged status | Not for loan | Collection code | Home library | Current library | Shelving location | Date acquired | Cost, normal purchase price | Total Checkouts | Full call number | Barcode | Date last seen | Price effective from | Koha item type |
|---|---|---|---|---|---|---|---|---|---|---|---|---|---|---|---|---|
| Dewey Decimal Classification | Kerala University of Digital Sciences, Innovation and Technology Knowledge Centre | Kerala University of Digital Sciences, Innovation and Technology Knowledge Centre | Computer Science | 18/03/2013 | 220.00 | 005.13 FRI/E;1 | 1211 | 18/03/2013 | 18/03/2013 | Books |